[Event "Parsvnath Commonwealth ch 2010"]
[Site "Nueva Delhi IND"]
[Date "2010.05.13"]
[Round "6.37"]
[White "Navalgund, Niranjan"]
[Black "Padmini, Rout"]
[Result "1/2-1/2"]
[WhiteElo "2158"]
[BlackElo "2319"]
[PlyCount "76"]
[EventDate "2010.05.10"]
[EventType "swiss"]
[EventRounds "11"]
[EventCountry "IND"]
[Source "lmi"]
[SourceDate "2010.05.10"]

1. d4 Nf6 2. Nf3 g6 3. g3 Bg7 4. Bg2 O-O 5. O-O d5 6. Ne5 c6 7. c4 dxc4 8. Nxc4
Be6 9. b3 Bd5 10. Bb2 Bxg2 11. Kxg2 a5 12. Qc2 Na6 13. e4 b5 14. Ne5 c5 15. Rd1
cxd4 16. Bxd4 Qc8 17. Qe2 Qb7 18. f3 Rfd8 19. Na3 Nc7 20. Rac1 b4 21. Nac4 Ne6
22. Bf2 Qb5 23. Qe3 Rdb8 24. Rc2 a4 25. Rcd2 axb3 26. axb3 h5 27. Nd7 Nxd7 28.
Rxd7 Ra2 29. R1d5 Qc6 30. Rxe7 Bf8 31. Ra7 Bc5 32. Rxc5 Rxf2+ 33. Kxf2 Nxc5 34.
Ra5 Rc8 35. Ne5 Qd6 36. Nc4 Qc6 37. Ne5 Qb6 38. Nc4 Qc6 1/2-1/2

[Event "Parsvnath Commonwealth ch 2010"]
[Site "Nueva Delhi IND"]
[Date "2010.05.13"]
[Round "6.38"]
[White "Ram, Gupta"]
[Black "Bitan, Banerjee"]
[Result "0-1"]
[WhiteElo "1994"]
[BlackElo "2311"]
[PlyCount "68"]
[EventDate "2010.05.10"]
[EventType "swiss"]
[EventRounds "11"]
[EventCountry "IND"]
[Source "lmi"]
[SourceDate "2010.05.10"]

1. e4 e6 2. d4 d5 3. Nd2 Nf6 4. e5 Nfd7 5. Bd3 c5 6. c3 Nc6 7. Ne2 cxd4 8. cxd4
f6 9. exf6 Nxf6 10. O-O Bd6 11. Nf3 Qc7 12. Bg5 O-O 13. Rc1 Nh5 14. Bh4 g6 15.
Qc2 Qg7 16. Bg3 Nxg3 17. hxg3 Bd7 18. a3 Rae8 19. b4 a6 20. Rcd1 g5 21. Qa2 Rf7
22. Bb1 Kh8 23. Qd2 Rg8 24. Nc3 g4 25. Ne1 Be7 26. Nc2 Bg5 27. Qd3 Rgf8 28. Ne3
Nxd4 29. Qxd4 Qxd4 30. Rxd4 Bxe3 31. Rxg4 Bxf2+ 32. Kh1 e5 33. Rg5 Bd4 34. Rxf7
Rxf7 0-1

[Event "Parsvnath Commonwealth ch 2010"]
[Site "Nueva Delhi IND"]
[Date "2010.05.13"]
[Round "6.39"]
[White "Koshy, Varugeese"]
[Black "Pratyusha, Bodda"]
[Result "1-0"]
[WhiteElo "2310"]
[BlackElo "1977"]
[PlyCount "97"]
[EventDate "2010.05.10"]
[EventType "swiss"]
[EventRounds "11"]
[EventCountry "IND"]
[Source "lmi"]
[SourceDate "2010.05.10"]

1. g3 Nf6 2. Bg2 d5 3. d3 c6 4. Nd2 Bg4 5. h3 Bc8 6. Ngf3 Nbd7 7. e4 dxe4 8.
dxe4 e5 9. O-O Bc5 10. Nh4 g6 11. Nc4 Qe7 12. Bh6 Nh5 13. Qf3 Qe6 14. Ne3 Qf6
15. Qe2 Nb6 16. Nf3 Be6 17. Rfd1 Rg8 18. Ng5 Bd7 19. c3 Qe7 20. b4 Bxe3 21.
Qxe3 f6 22. Nf3 g5 23. h4 Nc4 24. Qe2 Be6 25. Nxg5 fxg5 26. Qxh5+ Bf7 27. Qf3
gxh4 28. Bh3 Nd6 29. Kh2 Rg6 30. Be3 hxg3+ 31. fxg3 Be6 32. Bxe6 Qxe6 33. Rd2
Nc4 34. Rd3 Nxe3 35. Rxe3 O-O-O 36. Qf5 Rd2+ 37. Kh3 Kd7 38. a4 Rf2 39. Rd1+
Ke7 40. Qxe6+ Rxe6 41. a5 Kf6 42. Rd7 Re7 43. Rd6+ Kg5 44. a6 bxa6 45. Rxc6 Rd7
46. Re6 Rdd2 47. Rxe5+ Kg6 48. Kg4 Rd6 49. Rg5+ 1-0

[Event "Parsvnath Commonwealth ch 2010"]
[Site "Nueva Delhi IND"]
[Date "2010.05.13"]
[Round "6.40"]
[White "Karma, Pandya"]
[Black "Prasanna, Rao"]
[Result "0-1"]
[WhiteElo "2134"]
[BlackElo "2309"]
[PlyCount "66"]
[EventDate "2010.05.10"]
[EventType "swiss"]
[EventRounds "11"]
[EventCountry "IND"]
[Source "lmi"]
[SourceDate "2010.05.10"]

1. e4 e5 2. Nf3 Nc6 3. Bb5 a6 4. Ba4 Nf6 5. d3 d6 6. c3 g6 7. O-O Bg7 8. Nbd2
O-O 9. Re1 Nd7 10. Nf1 Nc5 11. Bc2 Ne6 12. Ne3 Kh8 13. Nd5 Bd7 14. h4 Ne7 15.
d4 Ng8 16. dxe5 dxe5 17. h5 gxh5 18. Ne3 Nf4 19. Nc4 Ng6 20. Ne3 Bg4 21. Nf5
Qxd1 22. Bxd1 Rad8 23. Be3 N8e7 24. Nxe7 Nxe7 25. Bc5 Rd7 26. Nh4 Rfd8 27. f3
Be6 28. g3 Bf6 29. Ng2 Rd2 30. b4 Rg8 31. Bf2 h4 32. g4 h3 33. Ne3 h2+ 0-1

[Event "Parsvnath Commonwealth ch 2010"]
[Site "Nueva Delhi IND"]
[Date "2010.05.14"]
[Round "7.5"]
[White "Safarli, Eltaj"]
[Black "Lalith, Babu M.R"]
[Result "1-0"]
[WhiteElo "2610"]
[BlackElo "2493"]
[PlyCount "43"]
[EventDate "2010.05.10"]
[EventType "swiss"]
[EventRounds "11"]
[EventCountry "IND"]
[Source "lmi"]
[SourceDate "2010.05.10"]

1. e4 c6 2. d4 d5 3. exd5 cxd5 4. c4 Nf6 5. Nc3 e6 6. Nf3 Bb4 7. cxd5 Nxd5 8.
Bd2 Nc6 9. Bd3 Be7 10. O-O O-O 11. Re1 Nf6 12. Bg5 h6 13. Bf4 Nb4 14. Bb1 Nbd5
15. Nxd5 Qxd5 16. Qd2 h5 17. Re5 Qc4 18. Rg5 Qb4 19. Qc1 Bd7 20. a3 Qb6 21. Bc7
Qc6 22. Rxg7+ 1-0

[Event "Parsvnath Commonwealth ch 2010"]
[Site "Nueva Delhi IND"]
[Date "2010.05.14"]
[Round "7.6"]
[White "Bakre, Tejas"]
[Black "Bocharov, Dmitry"]
[Result "1/2-1/2"]
[WhiteElo "2483"]
[BlackElo "2592"]
[PlyCount "78"]
[EventDate "2010.05.10"]
[EventType "swiss"]
[EventRounds "11"]
[EventCountry "IND"]
[Source "lmi"]
[SourceDate "2010.05.10"]

1. Nf3 d5 2. d4 Nf6 3. c4 e6 4. g3 dxc4 5. Bg2 Bb4+ 6. Bd2 a5 7. Qc2 Nc6 8.
Qxc4 Qd5 9. Qd3 Qf5 10. Qxf5 exf5 11. a3 Bd6 12. Nc3 Ne7 13. Nb5 Bd7 14. Nxd6+
cxd6 15. Bf4 Ra6 16. Nd2 Ned5 17. Nc4 Ke7 18. Bg5 Be6 19. Rc1 h6 20. Bxf6+ Nxf6
21. Kd2 Rb8 22. Ne3 Rb6 23. Rc7+ Kd8 24. Rc2 g6 25. h4 h5 26. Rhc1 a4 27. d5
Bd7 28. Nc4 Ra6 29. Rc3 b5 30. Ne3 b4 31. Rc4 Rab6 32. R1c2 bxa3 33. bxa3 Bb5
34. Rb4 Nd7 35. Rcb2 Kc7 36. Nc2 Ne5 37. Ne3 Nd7 38. Nc2 Ne5 39. Ne3 Nd7
1/2-1/2

[Event "Parsvnath Commonwealth ch 2010"]
[Site "Nueva Delhi IND"]
[Date "2010.05.14"]
[Round "7.7"]
[White "Gupta, Abhijeet"]
[Black "Paciencia, Enrique"]
[Result "1-0"]
[WhiteElo "2570"]
[BlackElo "2429"]
[PlyCount "55"]
[EventDate "2010.05.10"]
[EventType "swiss"]
[EventRounds "11"]
[EventCountry "IND"]
[Source "lmi"]
[SourceDate "2010.05.10"]

1. d4 Nf6 2. c4 e6 3. Nf3 b6 4. g3 Bb7 5. Bg2 Be7 6. O-O O-O 7. Re1 d5 8. cxd5
exd5 9. Nc3 c5 10. Bf4 Nbd7 11. dxc5 Nxc5 12. Rc1 Nfe4 13. Be5 Re8 14. Bd4 Ne6
15. e3 Nxd4 16. Nxd4 Bf6 17. Qa4 a6 18. Red1 b5 19. Qb3 Nc5 20. Qc2 Rc8 21. Qe2
b4 22. Nxd5 Bxd4 23. Rxd4 Nb3 24. Rxc8 Nxd4 25. Nf6+ Kf8 26. Nxh7+ Kg8 27. Nf6+
Kf8 28. exd4 1-0

[Event "Parsvnath Commonwealth ch 2010"]
[Site "Nueva Delhi IND"]
[Date "2010.05.14"]
[Round "7.8"]
[White "Lafuente, Pablo"]
[Black "Swayams, Mishra"]
[Result "1-0"]
[WhiteElo "2587"]
[BlackElo "2397"]
[PlyCount "123"]
[EventDate "2010.05.10"]
[EventType "swiss"]
[EventRounds "11"]
[EventCountry "IND"]
[Source "lmi"]
[SourceDate "2010.05.10"]

1. Nf3 Nf6 2. c4 b6 3. g3 Bb7 4. Bg2 e6 5. O-O Be7 6. Nc3 O-O 7. Re1 d5 8. cxd5
exd5 9. d4 c5 10. Bf4 Nbd7 11. Rc1 Ne4 12. Ne5 Nxe5 13. Bxe5 Nxc3 14. Rxc3 Qd7
15. dxc5 bxc5 16. Qc2 Rac8 17. Rd1 Rfd8 18. Bf3 Bf8 19. Bf4 d4 20. Bxb7 Qxb7
21. Rc4 Re8 22. b3 Qe7 23. Rdxd4 cxd4 24. Rxc8 Rxc8 25. Qxc8 Qxe2 26. Bd6 Qe1+
27. Kg2 Qe4+ 28. Kh3 Qe6+ 29. Qxe6 fxe6 30. Be5 d3 31. Bc3 Bc5 32. Kg2 Bd4 33.
Bd2 Kf7 34. f4 e5 35. Kf3 exf4 36. Kxf4 Ke6 37. Ke4 Bg1 38. h3 Bh2 39. g4 g6
40. b4 a6 41. a4 Bc7 42. Kxd3 Kd5 43. Be3 Bd8 44. b5 axb5 45. axb5 Bc7 46. b6
Be5 47. Bg5 Bd6 48. Bd8 Kc6 49. Ke4 Bg3 50. Bc7 Bf2 51. Ke5 Be3 52. Kf6 Bd4+
53. Kf7 Kd7 54. h4 Bf2 55. h5 gxh5 56. gxh5 Be3 57. Kg7 h6 58. Kg6 Kc6 59. Be5
Bxb6 60. Bg7 Kd6 61. Bxh6 Ke7 62. Bg5+ 1-0

[Event "Parsvnath Commonwealth ch 2010"]
[Site "Nueva Delhi IND"]
[Date "2010.05.14"]
[Round "7.9"]
[White "Rathnakaran, K."]
[Black "Adhiban, B."]
[Result "1-0"]
[WhiteElo "2397"]
[BlackElo "2510"]
[PlyCount "135"]
[EventDate "2010.05.10"]
[EventType "swiss"]
[EventRounds "11"]
[EventCountry "IND"]
[Source "lmi"]
[SourceDate "2010.05.10"]

1. e4 c6 2. d4 d5 3. Nc3 dxe4 4. Nxe4 Bf5 5. Ng3 Bg6 6. h4 h6 7. h5 Bh7 8. Nf3
Nd7 9. Bc4 Ngf6 10. Qe2 e6 11. Ne5 Nd5 12. a3 Nxe5 13. dxe5 Bc5 14. Ne4 Bxe4
15. Qxe4 O-O 16. Bd3 f5 17. exf6 Qxf6 18. f4 Qd4 19. Qh7+ Kf7 20. Bd2 Qf2+ 21.
Kd1 Qxg2 22. Re1 Bf2 23. Qg6+ Qxg6 24. Bxg6+ Ke7 25. Re2 Bc5 26. f5 Nc7 27. b4
Bd6 28. c4 Rad8 29. Kc2 Kd7 30. Bc3 e5 31. Bxe5 Bxe5 32. Rxe5 Rf6 33. Rd1+ Rd6
34. Rxd6+ Kxd6 35. Re1 Rf8 36. Kc3 Kd7 37. Kd4 Rf6 38. Ke5 Rd6 39. Re4 Ke7 40.
a4 Kd7 41. b5 b6 42. Rg4 Ke7 43. Bf7 Rf6 44. Bg8 Ne8 45. Be6 c5 46. Rg1 Rf8 47.
a5 bxa5 48. Ra1 Nd6 49. Ra2 Rf6 50. Rg2 Nf7+ 51. Kd5 Ng5 52. Kxc5 a4 53. Kb4
Rf8 54. c5 Nxe6 55. fxe6 Rf4+ 56. Ka5 Kxe6 57. Rxg7 a3 58. Rxa7 Kd5 59. Kb6 Rf8
60. Rxa3 Rb8+ 61. Kc7 Rxb5 62. c6 Ke6 63. Re3+ Kf5 64. Kd6 Rb6 65. Re5+ Kg4 66.
Rc5 Rb8 67. c7 Rg8 68. Kc6 1-0

[Event "Parsvnath Commonwealth ch 2010"]
[Site "Nueva Delhi IND"]
[Date "2010.05.14"]
[Round "7.10"]
[White "Harika, Dronavalli"]
[Black "Shyam, Nikil P"]
[Result "1-0"]
[WhiteElo "2491"]
[BlackElo "2385"]
[PlyCount "105"]
[EventDate "2010.05.10"]
[EventType "swiss"]
[EventRounds "11"]
[EventCountry "IND"]
[Source "lmi"]
[SourceDate "2010.05.10"]

1. d4 Nf6 2. c4 c5 3. d5 b5 4. cxb5 a6 5. bxa6 Bxa6 6. Nc3 g6 7. g3 d6 8. Bg2
Bg7 9. Nf3 O-O 10. O-O Nbd7 11. Rb1 Qa5 12. Bd2 Rfb8 13. Qc2 Nb6 14. b3 Qa3 15.
Bc1 Qa5 16. Bd2 Qa3 17. Bc1 Qa5 18. Rd1 Ne8 19. Bb2 Bc8 20. e4 Nc7 21. a3 Bd7
22. h3 Qa6 23. Rdc1 Qc8 24. Kh2 Ra7 25. a4 f5 26. Nd2 fxe4 27. Ndxe4 Qf8 28.
Re1 Qf5 29. Qd2 Nc8 30. Nd1 Rxb3 31. Ne3 Qf7 32. Ng5 Rxb2 33. Rxb2 Qf6 34. Nd1
Bxa4 35. Rb8 Bd7 36. Ne6 Na6 37. Rb3 Bxe6 38. dxe6 Nb4 39. Nc3 Nb6 40. Ne4 Qf8
41. Rf3 Qe8 42. Rf7 Ra2 43. Qg5 Nc8 44. Rb1 Ra6 45. h4 Nc6 46. h5 Ne5 47. h6
Bxh6 48. Qh4 Bg7 49. Rb8 Nc6 50. Ng5 h6 51. Qe4 Ne5 52. Nf3 Nxf7 53. Qxg6 1-0

[Event "Parsvnath Commonwealth ch 2010"]
[Site "Nueva Delhi IND"]
[Date "2010.05.14"]
[Round "7.12"]
[White "Stany, G.A."]
[Black "Swapnil, S. Dhopade"]
[Result "1/2-1/2"]
[WhiteElo "2330"]
[BlackElo "2457"]
[PlyCount "103"]
[EventDate "2010.05.10"]
[EventType "swiss"]
[EventRounds "11"]
[EventCountry "IND"]
[Source "lmi"]
[SourceDate "2010.05.10"]

1. e4 c6 2. d4 d5 3. e5 Bf5 4. Nf3 e6 5. Be2 Nd7 6. O-O Bg6 7. Nbd2 Nh6 8. c4
Be7 9. b3 O-O 10. Bb2 Nf5 11. Re1 Nb6 12. Rc1 dxc4 13. bxc4 c5 14. Nb3 Na4 15.
Ba1 cxd4 16. Nbxd4 Nxd4 17. Nxd4 Nc5 18. Qd2 a6 19. Qe3 Qc7 20. Red1 Rac8 21.
Nb3 Rfd8 22. Bd4 b6 23. Nxc5 Bxc5 24. Bxc5 bxc5 25. Rxd8+ Rxd8 26. Rd1 Rxd1+
27. Bxd1 Qd8 28. Bb3 Qd4 29. Qxd4 cxd4 30. Kf1 Kf8 31. Ke2 Ke7 32. Kd2 f6 33.
f4 fxe5 34. fxe5 Kd7 35. Ba4+ Kc7 36. c5 Be4 37. g3 h6 38. a3 a5 39. Bb5 Bc6
40. Bc4 Be4 41. Bb5 Bc6 42. Bc4 Be4 43. Bb5 g5 44. h4 gxh4 45. gxh4 Bc6 46. Bc4
Be4 47. Bb5 Bg2 48. a4 Be4 49. Ke2 Bc2 50. Kd2 Bg6 51. Ke2 Be4 52. Kd2 1/2-1/2

[Event "Parsvnath Commonwealth ch 2010"]
[Site "Nueva Delhi IND"]
[Date "2010.05.14"]
[Round "7.14"]
[White "Prasanna, Rao"]
[Black "Anwesh, Upadhyaya"]
[Result "1-0"]
[WhiteElo "2309"]
[BlackElo "2419"]
[PlyCount "67"]
[EventDate "2010.05.10"]
[EventType "swiss"]
[EventRounds "11"]
[EventCountry "IND"]
[Source "lmi"]
[SourceDate "2010.05.10"]

1. e4 c6 2. d4 g6 3. Nc3 d5 4. e5 Bg7 5. Nf3 Bg4 6. Be2 e6 7. Nd2 Bxe2 8. Nxe2
c5 9. c3 Nc6 10. Nf3 Nge7 11. O-O O-O 12. Ng3 Qb6 13. h4 cxd4 14. cxd4 f6 15.
exf6 Bxf6 16. Bg5 Bxg5 17. hxg5 Nf5 18. Nxf5 exf5 19. Qd2 Rfe8 20. Rac1 Re4 21.
Rc5 Rae8 22. Rxd5 Re2 23. Qf4 Qxb2 24. Rd7 Qb5 25. Qc7 R2e7 26. Rxe7 Rxe7 27.
Qd6 Qb4 28. Qd5+ Kg7 29. Rc1 Qa3 30. Rc5 Qd3 31. Qd6 Re4 32. d5 Rg4 33. Qc7+
Kg8 34. Qc8+ 1-0

[Event "Parsvnath Commonwealth ch 2010"]
[Site "Nueva Delhi IND"]
[Date "2010.05.14"]
[Round "7.15"]
[White "Rajesh, V A V."]
[Black "Tania, Sachdev"]
[Result "1/2-1/2"]
[WhiteElo "2302"]
[BlackElo "2398"]
[PlyCount "63"]
[EventDate "2010.05.10"]
[EventType "swiss"]
[EventRounds "11"]
[EventCountry "IND"]
[Source "lmi"]
[SourceDate "2010.05.10"]

1. d4 d5 2. c4 c6 3. Nc3 Nf6 4. Nf3 dxc4 5. a4 Na6 6. e3 Bg4 7. Bxc4 e6 8. O-O
Nb4 9. Qe2 Be7 10. Rd1 O-O 11. Bb3 a5 12. e4 Qc7 13. Be3 Rad8 14. Rac1 Qb8 15.
h3 Bh5 16. g4 Bg6 17. Bg5 Rfe8 18. Qe3 b6 19. Ne5 c5 20. Nxg6 hxg6 21. dxc5
Bxc5 22. Qf3 Nc6 23. Bf4 Qa8 24. Bc4 Nd4 25. Qg2 Rc8 26. e5 Nd5 27. Nxd5 exd5
28. Bxd5 Ne2+ 29. Kf1 Nxf4 30. Bxa8 Nxg2 31. Bxg2 Rxe5 32. Rc2 1/2-1/2

[Event "Parsvnath Commonwealth ch 2010"]
[Site "Nueva Delhi IND"]
[Date "2010.05.14"]
[Round "7.16"]
[White "Hemant, Sharma (del)"]
[Black "Khusnutdinov, Rustam"]
[Result "0-1"]
[WhiteElo "2191"]
[BlackElo "2525"]
[PlyCount "82"]
[EventDate "2010.05.10"]
[EventType "swiss"]
[EventRounds "11"]
[EventCountry "IND"]
[Source "lmi"]
[SourceDate "2010.05.10"]

1. c4 Nf6 2. g3 g6 3. Bg2 Bg7 4. Nc3 O-O 5. Nf3 c5 6. O-O Nc6 7. d4 cxd4 8.
Nxd4 Ng4 9. e3 d6 10. b3 Nge5 11. Nxc6 bxc6 12. Qc2 Qc7 13. Bb2 Be6 14. Qe2 a5
15. Na4 Nd7 16. Bd4 Rab8 17. Rac1 Rb4 18. Bxg7 Kxg7 19. e4 Nb6 20. Nb2 Nd7 21.
Na4 Nc5 22. Nxc5 dxc5 23. f4 a4 24. Rc3 axb3 25. axb3 Rfb8 26. g4 f6 27. Qf3
Rd8 28. e5 fxe5 29. f5 Rf8 30. Qe3 Bc8 31. fxg6 Rxf1+ 32. Kxf1 hxg6 33. Qxc5
Qd6 34. Qxd6 exd6 35. Rd3 d5 36. Kf2 e4 37. Rg3 Kf6 38. h4 Ke5 39. h5 g5 40. h6
Rb7 41. cxd5 cxd5 0-1

[Event "Parsvnath Commonwealth ch 2010"]
[Site "Nueva Delhi IND"]
[Date "2010.05.14"]
[Round "7.18"]
[White "Singh, Rishpal S"]
[Black "Satyapragyan, Swayangsu"]
[Result "1/2-1/2"]
[WhiteElo "2194"]
[BlackElo "2463"]
[PlyCount "57"]
[EventDate "2010.05.10"]
[EventType "swiss"]
[EventRounds "11"]
[EventCountry "IND"]
[Source "lmi"]
[SourceDate "2010.05.10"]

1. c4 e5 2. Nc3 Bb4 3. g3 Bxc3 4. bxc3 d6 5. Bg2 Nc6 6. d3 f5 7. Nf3 Nf6 8. O-O
O-O 9. Rb1 Qe8 10. Ne1 Rb8 11. Nc2 Kh8 12. Nb4 Nxb4 13. cxb4 Bd7 14. b5 Qg6 15.
e3 Be6 16. Qc2 Qf7 17. Rb4 e4 18. d4 c5 19. bxc6 bxc6 20. Ra4 Qc7 21. Bd2 Nd7
22. Rc1 c5 23. d5 Bf7 24. Bc3 Bh5 25. Ra3 Rb7 26. Rb3 Rfb8 27. Rcb1 Bg6 28.
Rxb7 Rxb7 29. Rb3 1/2-1/2

[Event "Parsvnath Commonwealth ch 2010"]
[Site "Nueva Delhi IND"]
[Date "2010.05.14"]
[Round "7.20"]
[White "Iuldachev, Saidali"]
[Black "Priyadharshan, K."]
[Result "1-0"]
[WhiteElo "2511"]
[BlackElo "2362"]
[PlyCount "113"]
[EventDate "2010.05.10"]
[EventType "swiss"]
[EventRounds "11"]
[EventCountry "IND"]
[Source "lmi"]
[SourceDate "2010.05.10"]

1. e4 e5 2. Nf3 Nc6 3. Nc3 Nf6 4. Bb5 Bd6 5. a3 a6 6. Bc4 Bc5 7. d3 h6 8. Ne2
d5 9. exd5 Nxd5 10. Ng3 O-O 11. O-O Nb6 12. Ba2 Bg4 13. h3 Be6 14. Bxe6 fxe6
15. Ne4 Be7 16. Be3 Nd5 17. Nfd2 Nd4 18. Re1 b5 19. a4 Nf5 20. Qg4 Ndxe3 21.
fxe3 Kh7 22. Nf3 Bf6 23. axb5 axb5 24. Rxa8 Qxa8 25. Nc5 Qc6 26. b4 Ra8 27. e4
Ne7 28. h4 Ng6 29. d4 Nf8 30. Nxe5 Bxe5 31. dxe5 Ng6 32. Qg3 Rf8 33. Rd1 Nf4
34. Kh2 Qe8 35. Nd7 Rf7 36. Nf6+ gxf6 37. Qxf4 fxe5 38. Qxe5 Qe7 39. Kh3 Qxb4
40. Rd8 Rg7 41. Qxe6 Qc3+ 42. Rd3 Qc5 43. Qf5+ Qxf5+ 44. exf5 h5 45. Rd5 c6 46.
Rc5 Rc7 47. g4 hxg4+ 48. Kxg4 Kh6 49. Kf4 Kh5 50. Ke5 Kxh4 51. Kd6 Rf7 52. Ke6
Rc7 53. f6 Kg4 54. f7 Rc8 55. Kd7 Ra8 56. Ke7 Ra7+ 57. Kf6 1-0

[Event "Parsvnath Commonwealth ch 2010"]
[Site "Nueva Delhi IND"]
[Date "2010.05.14"]
[Round "7.21"]
[White "Kunte, Abhijit"]
[Black "Shyam, Sundar M"]
[Result "1/2-1/2"]
[WhiteElo "2523"]
[BlackElo "2372"]
[PlyCount "60"]
[EventDate "2010.05.10"]
[EventType "swiss"]
[EventRounds "11"]
[EventCountry "IND"]
[Source "lmi"]
[SourceDate "2010.05.10"]

1. d4 Nf6 2. c4 g6 3. Nf3 Bg7 4. g3 O-O 5. Bg2 d5 6. cxd5 Nxd5 7. O-O c5 8. Nc3
Nxc3 9. bxc3 Nc6 10. e3 Qa5 11. Qb3 Rd8 12. Nd2 cxd4 13. cxd4 Qa6 14. Rb1 e5
15. d5 Na5 16. Qa3 b6 17. Re1 Nc4 18. Nxc4 Qxc4 19. d6 e4 20. Bb2 Bxb2 21. Rxb2
Qd5 22. Rb4 Qxd6 23. Bxe4 Rb8 24. Qb2 Be6 25. a4 Rbc8 26. Rd4 Qe7 27. Red1 Rxd4
28. Qxd4 Rc4 29. Qd8+ Qxd8 30. Rxd8+ Kg7 1/2-1/2

[Event "Parsvnath Commonwealth ch 2010"]
[Site "Nueva Delhi IND"]
[Date "2010.05.14"]
[Round "7.22"]
[White "Ashwin, Jayaram"]
[Black "Nitin, S."]
[Result "1/2-1/2"]
[WhiteElo "2457"]
[BlackElo "2363"]
[PlyCount "67"]
[EventDate "2010.05.10"]
[EventType "swiss"]
[EventRounds "11"]
[EventCountry "IND"]
[Source "lmi"]
[SourceDate "2010.05.10"]

1. e4 c5 2. Nf3 d6 3. d4 cxd4 4. Nxd4 Nf6 5. Nc3 a6 6. Qf3 g6 7. h3 Bg7 8. Be3
Bd7 9. O-O-O Nc6 10. Nxc6 Bxc6 11. Nd5 Nd7 12. Bd4 Bxd4 13. Rxd4 e6 14. Nc3
Qg5+ 15. Kb1 Qc5 16. Rd1 b5 17. Bd3 a5 18. Qe2 Rb8 19. Nd5 Bxd5 20. exd5 Qxd5
21. Bxg6 Qe5 22. Bh5 Qxe2 23. Bxe2 Ke7 24. f4 Nc5 25. g4 Ne4 26. Rh2 h5 27. Bf3
d5 28. Bxe4 dxe4 29. g5 Rhd8 30. Kc1 Rxd1+ 31. Kxd1 f5 32. Rd2 h4 33. Ke2 Rc8
34. Ke3 1/2-1/2

[Event "Parsvnath Commonwealth ch 2010"]
[Site "Nueva Delhi IND"]
[Date "2010.05.14"]
[Round "7.23"]
[White "Murshed, Niaz"]
[Black "Ramnath Bhuvanesh.R"]
[Result "1/2-1/2"]
[WhiteElo "2426"]
[BlackElo "2350"]
[PlyCount "103"]
[EventDate "2010.05.10"]
[EventType "swiss"]
[EventRounds "11"]
[EventCountry "IND"]
[Source "lmi"]
[SourceDate "2010.05.10"]

1. e4 c5 2. Nf3 Nc6 3. d4 cxd4 4. Nxd4 Nf6 5. Nc3 e5 6. Ndb5 d6 7. Bg5 a6 8.
Na3 b5 9. Nd5 Be7 10. Bxf6 Bxf6 11. c3 Ne7 12. Nxf6+ gxf6 13. Bd3 d5 14. Qe2 d4
15. cxd4 Qxd4 16. O-O-O Qb6 17. Nc2 Be6 18. Kb1 O-O 19. Ne3 Rfd8 20. Bc2 Qc6
21. g4 Rac8 22. Nf5 Nxf5 23. Rxd8+ Rxd8 24. gxf5 Bc4 25. Qe3 Bxa2+ 26. Kxa2
Qxc2 27. Rg1+ Kh8 28. Rc1 Qa4+ 29. Kb1 Rd1 30. f3 Rxc1+ 31. Qxc1 b4 32. Qc5
Qd1+ 33. Ka2 Kg7 34. Qxb4 Qxf3 35. Qe1 h5 36. h4 a5 37. b3 Qd3 38. Qg1+ Kh7 39.
Qe1 Qd4 40. Ka3 Kg7 41. Qg3+ Kf8 42. Qe1 Ke8 43. b4 axb4+ 44. Qxb4 Qf2 45. Qb8+
Ke7 46. Qb4+ Ke8 47. Qb8+ Kd7 48. Qb7+ Kd6 49. Qxf7 Qxh4 50. Qe6+ Kc7 51. Qe7+
Kc8 52. Qe8+ 1/2-1/2

[Event "Parsvnath Commonwealth ch 2010"]
[Site "Nueva Delhi IND"]
[Date "2010.05.14"]
[Round "7.25"]
[White "Konguvel, Ponnuswamy"]
[Black "Singh, Gurpreet Pal"]
[Result "1/2-1/2"]
[WhiteElo "2412"]
[BlackElo "2287"]
[PlyCount "72"]
[EventDate "2010.05.10"]
[EventType "swiss"]
[EventRounds "11"]
[EventCountry "IND"]
[Source "lmi"]
[SourceDate "2010.05.10"]

1. e4 e6 2. d4 d5 3. Nc3 Bb4 4. e5 c5 5. a3 cxd4 6. axb4 dxc3 7. bxc3 Qc7 8.
Qd4 Nc6 9. Bb5 Nge7 10. Nf3 Bd7 11. Bxc6 Nxc6 12. Qg4 Kf8 13. O-O Nxe5 14. Nxe5
Qxe5 15. Be3 h5 16. Qh4 a6 17. Bd4 Qc7 18. f4 Qd8 19. Qg3 f6 20. f5 e5 21. Bxe5
fxe5 22. f6 gxf6 23. Qg6 f5 24. Rxf5+ Bxf5 25. Rf1 Ke7 26. Rxf5 Kd7 27. Rf7+
Kc8 28. Qe6+ Kb8 29. Rd7 Qf8 30. Qxe5+ Ka7 31. Qd4+ Kb8 32. Qe5+ Ka7 33. Qe3+
Kb8 34. Qg3+ Ka7 35. Qe3+ Kb8 36. Qe5+ Ka7 1/2-1/2

[Event "Parsvnath Commonwealth ch 2010"]
[Site "Nueva Delhi IND"]
[Date "2010.05.14"]
[Round "7.26"]
[White "Debashis, Das"]
[Black "Das, Sayantan"]
[Result "1/2-1/2"]
[WhiteElo "2400"]
[BlackElo "2250"]
[PlyCount "114"]
[EventDate "2010.05.10"]
[EventType "swiss"]
[EventRounds "11"]
[EventCountry "IND"]
[Source "lmi"]
[SourceDate "2010.05.10"]

1. e4 e5 2. Nf3 Nc6 3. Bc4 Nf6 4. d3 Be7 5. O-O O-O 6. Re1 d6 7. a4 Kh8 8. h3
Ng8 9. Nc3 f5 10. a5 a6 11. Nd5 h6 12. Ra3 Bf6 13. b4 Nge7 14. Nxf6 Rxf6 15. d4
Nxd4 16. Nxd4 exd4 17. Bb2 Nc6 18. Bxd4 Nxd4 19. Qxd4 Be6 20. Bxe6 Rxe6 21. Rf3
c5 22. Qa1 fxe4 23. Rf7 Qg5 24. Re3 Re7 25. h4 Qe5 26. Qxe5 Rxe5 27. bxc5 dxc5
28. Rxb7 c4 29. Rc7 Rxa5 30. Rxe4 Ra1+ 31. Kh2 Rf1 32. f3 a5 33. Ree7 Rg8 34.
Rxc4 Ra8 35. Rcc7 Rg8 36. Ra7 Ra1 37. Rec7 a4 38. Kg3 Kh7 39. Kg4 Rg1 40. Kg3
Ra1 41. h5 Kh8 42. Kg4 Rg1 43. g3 Ra1 44. f4 a3 45. Rc3 a2 46. Rca3 Rc8 47. Ra8
Rxa8 48. Rxa8+ Kh7 49. f5 Rb1 50. Rxa2 Rb4+ 51. Kf3 Rc4 52. g4 Kg8 53. Rb2 Kf7
54. Rb7+ Kf6 55. Rb6+ Kf7 56. Rb7+ Kf6 57. Rb6+ Kf7 1/2-1/2

[Event "Parsvnath Commonwealth ch 2010"]
[Site "Nueva Delhi IND"]
[Date "2010.05.14"]
[Round "7.27"]
[White "Narayanan, Srinath"]
[Black "Sahoo, Utkal Ranjan"]
[Result "1-0"]
[WhiteElo "2393"]
[BlackElo "2231"]
[PlyCount "157"]
[EventDate "2010.05.10"]
[EventType "swiss"]
[EventRounds "11"]
[EventCountry "IND"]
[Source "lmi"]
[SourceDate "2010.05.10"]

1. e4 e5 2. Nf3 Nc6 3. Bb5 a6 4. Ba4 Nf6 5. O-O Be7 6. Re1 b5 7. Bb3 d6 8. c3
O-O 9. h3 Na5 10. Bc2 c5 11. d4 Qc7 12. Nbd2 cxd4 13. cxd4 Nc6 14. a3 Bd7 15.
d5 Na5 16. Nf1 Rfc8 17. Bd3 Ne8 18. Bd2 Bd8 19. Kh1 Qa7 20. Ne3 Nb7 21. b4 Bb6
22. Nh4 g6 23. Rf1 Ng7 24. Ng4 Bxg4 25. Qxg4 Rc7 26. Bh6 f6 27. Qf3 Rf8 28. a4
Bd4 29. Ra2 Qb6 30. axb5 axb5 31. Qe2 Nd8 32. Ra5 Nf7 33. Bd2 Nh5 34. Rxb5 Qa7
35. Ra5 Qb7 36. Nf3 Bc3 37. Rb5 Qc8 38. Be3 Nf4 39. Qd1 Ng5 40. Ng1 Rb7 41. h4
Nf7 42. g3 Nxd3 43. Qxd3 Rxb5 44. Qxb5 Qb8 45. Qxb8 Rxb8 46. Rc1 Bd4 47. Rb1 f5
48. Bxd4 exd4 49. exf5 gxf5 50. Nf3 Rb5 51. Nxd4 Rxd5 52. Nc6 Rb5 53. Kg2 Kg7
54. Nd4 Rd5 55. Ne2 Rb5 56. Nc3 Rb7 57. b5 Kf6 58. Rd1 Ke6 59. Ne2 Ne5 60. Nd4+
Kf6 61. Re1 Nc4 62. Re6+ Kf7 63. Rh6 Kg8 64. Rh5 f4 65. Rg5+ Rg7 66. gxf4 Kf7
67. Kf3 Rg6 68. Rxg6 Kxg6 69. Ke4 Nb6 70. f5+ Kf6 71. Ne2 d5+ 72. Kf4 Na4 73.
Ng3 d4 74. Ne4+ Ke7 75. Ke5 Nc3 76. f6+ Kd7 77. b6 Nb5 78. Nc5+ Kd8 79. b7 1-0